000 00619nam a2200217Ia 4500
005 20250506172944.0
008 008 250505s9999 xx 000 0 eng d
020 _a9789356991217
037 _aTB
040 _aILCL
_beng
_cILCL
041 _aeng
_2eng
082 _qILCL
100 _aRathore, Aakash Singh
245 0 _aBecoming Baba Saheb: The Life and Times of Bhimrao Ramji Ambedkar - Vol 1: Birth to Mahad (1891-1929)
260 _aHaryana
_bHarper Collins Publishers
_c2023
300 _axxiii,273p.
365 _aINR
490 _v1
942 _cTB
_2Colon Classification
999 _c1312925
_d1312925